书目信息 |
| 书名: | Imperialism and all reactionaries are paper tigers | |
| 作者: | ||
| 分册号: | ||
| 分册名: | 出版地: | Peking : |
|
| 出版社: | Foreign Languages Press | |
| 出版时间: | 1966. | |
| 页数: | 31 p. ; | |
| 开本: | 19 cm. | |
| 丛书名: | ||
| 中图分类号: | ||
| 科图分类号: | ||
| 其他分类号: | A841 | |
| 主题词: | ||
| 电子资源: | ||
| 000 | 00788cam a2200229u 450 | |
| 001 | E0741022775 | |
| 005 | 20070306112623.95 | |
| 008 | 821001s1966 000 0 eng | |
| 010 | @a59044213 | |
| 035 | @A(DLC) 59044213 | |
| 040 | @aDLC@cCarP@dDLC | |
| 050 | 00 | @aD844@b.I45 1958 |
| 090 | @aA841 | |
| 099 | @dA841@ex18=3 | |
| 245 | 00 | @aImperialism and all reactionaries are paper tigers. |
| 250 | @a3th. ed. | |
| 260 | @aPeking :@bForeign Languages Press,@c1966. | |
| 300 | @a31 p. ;@c19 cm. | |
| 650 | 0 | @aWorld politics@y1955- [from old catalog] |
| 700 | 1 | @aMao, Zedong,@d1893-1976.@tComrade Mao Tse-tung on "imperialism and all reactionaries are paper tigers. [from old catalog] |
| 906 | @a0@bcbc@cpremunv@du@encip@f19@gy-gencatlg | |
| 991 | @bc-GenColl@hD844@i.I45 1958@tCopy 1@wPREM | |
| Imperialism and all reactionaries are paper tigers.-3th. ed.-Peking : : Foreign Languages Press, , 1966. |
| 31 p. ; ; 19 cm. |
| ISBN |
| ● |
| 相关链接 |
|
|
|
|
正题名:Imperialism and all reactionaries are paper tigers
索取号:A841/x18=3
 
预约/预借
| 序号 | 登录号 | 条形码 | 馆藏地/架位号 | 状态 | 备注 |
| 1 | 0000109 | 300001094 | 第四借阅区/ [索取号:A841/x18=3] | 在馆 |